000
00290nam a2200097Ia 4500
008
220120s9999||||xx |||||||||||||| ||und||
100
_a
Basil Parvathu
_9
12059
245
0
_a
100 base T4- network repeater
260
_a
Coorg Institute of Technology
_b
Ponnampet
_c
2006
650
_a
COMPUTER SCIENCE
999
_c
137643
_d
137643